[Event "XXVI Open Eporediese"]
[Site "Ivrea ITA"]
[Date "2009.02.05"]
[Round "4"]
[White "Bogatto, Mario"]
[Black "Gennaro, Isabella"]
[Result "0-1"]
[WhiteElo "1470"]
[BlackElo "1419"]
[PlyCount "134"]
[EventDate "2009.01.15"]

1. d4 d5 2. Nf3 Nc6 3. Nc3 Bf5 4. Bf4 Nb4 5. Rc1 c6 6. a3 Nxc2+ 7. Rxc2 Bxc2 8.
Qxc2 Nf6 9. h3 Qa5 10. Bd2 e6 11. Ne4 Qd8 12. Nxf6+ Qxf6 13. Bg5 Qf5 14. Qxf5
exf5 15. Bf4 Rc8 16. Bd2 c5 17. Bc3 g6 18. e3 cxd4 19. Bb5+ Kd8 20. exd4 Bxa3
21. O-O Bd6 22. Ng5 Ke7 23. Re1+ Kf6 24. Nf3 a6 25. Bd3 b5 26. Ne5 Rhd8 27. g4
b4 28. Bd2 Re8 29. g5+ Kg7 30. Bxa6 Rb8 31. f4 Ra8 32. Bd3 Ra2 33. Rb1 Rea8 34.
Kf2 Ra1 35. Rxa1 Rxa1 36. Ke2 h6 37. gxh6+ Kh7 38. Nxf7 Bf8 39. h4 Rh1 40. Be1
Bxh6 41. Nxh6 Kxh6 42. b3 Rh2+ 43. Bf2 Kh5 44. Kf3 Rh1 45. Bg3 Rc1 46. Ke3 Rc3
47. Kd2 Rxb3 48. Be2+ Kh6 49. Be1 Rb2+ 50. Kd3 b3 51. Bc3 Rb1 52. Kd2 b2 53.
Kc2 Rh1 54. Bxb2 Rxh4 55. Bc1 Kg7 56. Bb5 g5 57. fxg5 Rxd4 58. Be3 Re4 59. Kd3
f4 60. Bd4+ Kg6 61. Bc6 Kxg5 62. Bxd5 Re1 63. Kd2 Re8 64. Bf3 Kh4 65. Bf2+ Kh3
66. Be2 Kg2 67. Bb5 Re5 0-1

[Event "XXVI Open Eporediese"]
[Site "Ivrea ITA"]
[Date "2009.02.05"]
[Round "4"]
[White "Bosticardo, Tommaso"]
[Black "Giunto, Andrea"]
[Result "0-1"]
[WhiteElo "1464"]
[BlackElo "1731"]
[PlyCount "60"]
[EventDate "2009.01.15"]

1. e4 c5 2. Nc3 d6 3. g3 Nf6 4. Bg2 Nc6 5. Nge2 g6 6. d3 Bg7 7. O-O O-O 8. Bd2
Rb8 9. a4 a6 10. Qc1 Bd7 11. Bh6 b5 12. Bxg7 Kxg7 13. axb5 axb5 14. Nf4 b4 15.
Ncd5 Nxd5 16. Nxd5 Be6 17. Nf4 Nd4 18. Re1 b3 19. Nxe6+ fxe6 20. Rb1 bxc2 21.
Ra1 Nb3 22. Qxc2 Nxa1 23. Qc3+ e5 24. Rxa1 Qb6 25. Rb1 Qb4 26. Qc1 Qd4 27. Qd2
Rb3 28. Bf1 Rfb8 29. h4 Rxb2 30. Rxb2 Rxb2 0-1

[Event "XXVI Open Eporediese"]
[Site "Ivrea ITA"]
[Date "2009.02.05"]
[Round "4"]
[White "Caresana, Alessandro"]
[Black "Bruno, Fabrizio P."]
[Result "1/2-1/2"]
[WhiteElo "2010"]
[BlackElo "1948"]
[PlyCount "38"]
[EventDate "2009.01.15"]

1. d4 Nf6 2. c4 e6 3. Nc3 Bb4 4. Qc2 c5 5. dxc5 O-O 6. a3 Bxc5 7. Nf3 d5 8. Bg5
d4 9. O-O-O Nc6 10. e3 e5 11. Nd5 h6 12. Nxf6+ gxf6 13. Bxh6 Re8 14. exd4 Bxd4
15. Nxd4 Nxd4 16. Rd3 Nxc2 17. Rxd8 Rxd8 18. Kxc2 Bf5+ 19. Kc1 Rac8 1/2-1/2

[Event "XXVI Open Eporediese"]
[Site "Ivrea ITA"]
[Date "2009.02.05"]
[Round "4"]
[White "Castaldo, Antonio"]
[Black "Rocchi, Enrico"]
[Result "0-1"]
[WhiteElo "1753"]
[BlackElo "1733"]
[PlyCount "68"]
[EventDate "2009.01.15"]

1. Nf3 Nf6 2. g3 d5 3. Bg2 c5 4. d3 Nc6 5. O-O e5 6. Nbd2 Be7 7. e4 d4 8. Nc4
Qc7 9. a4 O-O 10. Bd2 Be6 11. Ne1 Bg4 12. Nf3 a6 13. a5 Nd7 14. h3 Bh5 15. g4
Bg6 16. Ne1 f6 17. f4 exf4 18. Bxf4 Nde5 19. Nf3 Bf7 20. Qd2 Bxc4 21. dxc4 Rad8
22. Ne1 Rd7 23. Nd3 Nxc4 24. Qc1 Bd6 25. Nxc5 Bxf4 26. Rxf4 Re7 27. Nd3 Ne3 28.
Qd2 Nc4 29. Qf2 Ref7 30. e5 fxe5 31. Rxf7 Qxf7 32. Bd5 Qxd5 33. Qh4 Ne3 34. Ne1
Rf1+ 0-1

[Event "XXVI Open Eporediese"]
[Site "Ivrea ITA"]
[Date "2009.02.05"]
[Round "4"]
[White "Chiarotto, Filippo"]
[Black "Razzano, Lorenzo"]
[Result "1-0"]
[WhiteElo "2039"]
[BlackElo "1969"]
[PlyCount "51"]
[EventDate "2009.01.15"]

1. Nf3 Nc6 2. e4 e5 3. Nc3 g6 4. Bc4 Bg7 5. O-O d6 6. d3 Nge7 7. Ng5 O-O 8. f4
exf4 9. Bxf4 Nd4 10. Qe1 Ne6 11. Qh4 h5 12. Nxe6 Bxe6 13. Bxe6 fxe6 14. Bg5 Rf7
15. Rxf7 Kxf7 16. Rf1+ Ke8 17. g4 hxg4 18. Qh7 Bf8 19. Ne2 e5 20. Ng3 Kd7 21.
Rf7 Qe8 22. Qxg6 Kc6 23. Qe6 Nc8 24. Qd5+ Kb6 25. Be3+ Ka6 26. Rxc7 1-0

[Event "XXVI Open Eporediese"]
[Site "Ivrea ITA"]
[Date "2009.02.05"]
[Round "4"]
[White "Giachino, Adriano"]
[Black "Saviano, Sabato"]
[Result "0-1"]
[WhiteElo "1706"]
[BlackElo "1696"]
[PlyCount "90"]
[EventDate "2009.01.15"]

1. e4 c6 2. d4 d5 3. e5 Bf5 4. Nf3 Bg4 5. Bd3 e6 6. Be3 Bb4+ 7. c3 Ba5 8. Nbd2
h6 9. Nb3 Bb6 10. h3 Bh5 11. Qe2 Ne7 12. g4 Bg6 13. Bxg6 Nxg6 14. O-O-O Nd7 15.
Nfd2 Qe7 16. f4 O-O-O 17. Kb1 Kb8 18. Rhf1 Rc8 19. f5 Ngf8 20. f6 gxf6 21. exf6
Nxf6 22. Bf4+ Bc7 23. Bxc7+ Rxc7 24. c4 dxc4 25. Nxc4 Nd5 26. Nc5 Nd7 27. Ne5
Nxe5 28. Qxe5 Rf8 29. Rd3 Re8 30. Rb3 Ka8 31. Qe1 f6 32. Ra3 b6 33. Nd3 e5 34.
Qf2 e4 35. Nf4 e3 36. Qe2 Qe4+ 37. Nd3 Rf8 38. Ka1 f5 39. gxf5 Rxf5 40. Rg1 Rg5
41. Rf1 Rf5 42. Rg1 Rf8 43. Ra4 Nf4 44. Nxf4 Qxf4 45. a3 Qf2 0-1

[Event "XXVI Open Eporediese"]
[Site "Ivrea ITA"]
[Date "2009.02.05"]
[Round "4"]
[White "Giunto, Stefano"]
[Black "Agostino, Pietro"]
[Result "0-1"]
[WhiteElo "1422"]
[BlackElo "1413"]
[PlyCount "88"]
[EventDate "2009.01.15"]

1. e4 d6 2. Nf3 Nf6 3. Nc3 a6 4. d4 c6 5. b3 g6 6. Bd3 Bg7 7. O-O O-O 8. Bf4
Re8 9. d5 e6 10. Bg5 Qa5 11. Qd2 Ng4 12. Ne2 Qxd2 13. Nxd2 Bxa1 14. Rxa1 Ne5
15. dxc6 Nbxc6 16. Nc4 Nxc4 17. Bxc4 b5 18. Bd3 Nb4 19. Bf6 Nxd3 20. cxd3 e5
21. d4 Re6 22. dxe5 dxe5 23. Bg5 Kg7 24. f3 Bb7 25. Nc3 Rc8 26. Nd5 f6 27. Be3
Bxd5 28. exd5 Rd6 29. Rd1 Rcd8 30. Rc1 Rxd5 31. Rc6 R5d6 32. Rc7+ R6d7 33. Rc6
Rd3 34. Bc5 Rd2 35. a4 bxa4 36. bxa4 g5 37. Rxa6 Rc8 38. Ra7+ Kg6 39. Ba3 Rcc2
40. h3 Rxg2+ 41. Kf1 Rh2 42. Kg1 Rxh3 43. Rd7 Rxf3 44. Rd1 Rxa3 0-1

[Event "XXVI Open Eporediese"]
[Site "Ivrea ITA"]
[Date "2009.02.05"]
[Round "4"]
[White "Paonessa, Denis"]
[Black "Melling, Jonathon"]
[Result "0-1"]
[WhiteElo "1933"]
[BlackElo "1877"]
[PlyCount "76"]
[EventDate "2009.01.15"]

1. d4 d5 2. c4 c6 3. Nf3 Nf6 4. Nc3 g6 5. Bf4 Bg7 6. e3 Bg4 7. h3 Bd7 8. cxd5
cxd5 9. Qb3 Bc6 10. Ne5 Qb6 11. Qxb6 axb6 12. Nb5 O-O 13. Bd3 Nbd7 14. O-O Ra5
15. Nxc6 bxc6 16. Nc7 Nh5 17. Bh2 Nb8 18. b4 Ra3 19. Rfd1 b5 20. Rd2 Ra7 21.
Rc1 Nf6 22. Nxb5 cxb5 23. Bxb5 Ra3 24. Rc7 Ne4 25. Rdc2 Na6 26. Bxa6 Rxa6 27.
b5 Ra3 28. b6 Rd3 29. Bf4 g5 30. Bxg5 Rd1+ 31. Kh2 Nxg5 32. b7 Rb1 33. a4 e5
34. R2c5 Ne6 35. a5 exd4 36. a6 Be5+ 37. f4 Bxc7 38. Rxd5 dxe3 0-1

[Event "XXVI Open Eporediese"]
[Site "Ivrea ITA"]
[Date "2009.02.05"]
[Round "4"]
[White "Papalini, Claudio"]
[Black "Catalfamo, Santo"]
[Result "0-1"]
[WhiteElo "1604"]
[BlackElo "1792"]
[PlyCount "84"]
[EventDate "2009.01.15"]

1. d4 c5 2. e3 cxd4 3. exd4 d5 4. Nf3 Nf6 5. Bd3 Bg4 6. Nbd2 Nc6 7. c3 e6 8.
O-O Bd6 9. Qb3 Qc7 10. Re1 O-O 11. h3 Bh5 12. Qc2 Rac8 13. a3 Ne7 14. Ne5 Bg6
15. Nxg6 Nxg6 16. Nf3 Bf4 17. Bxg6 hxg6 18. Qd3 Bh6 19. Ne5 Qb6 20. Bxh6 gxh6
21. Qd2 Kg7 22. Rab1 Rc7 23. g4 Ne4 24. Qe3 f6 25. Nd3 Qd6 26. Kg2 f5 27. Qf4
Qe7 28. Re2 fxg4 29. Qxg4 Rf5 30. f4 Qf6 31. Rf1 h5 32. Qf3 Qh4 33. Ne5 Rc8 34.
Kh2 Rcf8 35. Rg2 R8f6 36. Nd3 Kf8 37. Ne5 Kg7 38. Nd3 g5 39. Rxg5+ Rxg5 40. Rg1
Rxg1 41. Kxg1 Rg6+ 42. Kh1 Rg3 0-1

[Event "XXVI Open Eporediese"]
[Site "Ivrea ITA"]
[Date "2009.02.05"]
[Round "4"]
[White "Picco, Pietro"]
[Black "Guglielmi, Nicolo'"]
[Result "0-1"]
[WhiteElo "1293"]
[BlackElo "1950"]
[PlyCount "60"]
[EventDate "2009.01.15"]

1. d4 d5 2. Nf3 c6 3. e3 Nf6 4. c4 e6 5. Nc3 Nbd7 6. Bd3 a6 7. O-O dxc4 8. Bxc4
b5 9. Bd3 c5 10. a3 Bb7 11. Re1 Be7 12. b3 O-O 13. Rb1 Qa5 14. e4 cxd4 15. Ne2
e5 16. Bg5 Qd8 17. b4 Nxe4 18. Bxe7 Qxe7 19. Ng3 Nc3 20. Nf5 Qf6 21. Qd2 Nxb1
22. Bxb1 Rac8 23. Qd3 e4 24. Qe2 d3 25. Bxd3 Qxf5 26. Nh4 exd3 27. Qb2 Qg4 28.
g3 Rc2 29. Qb1 d2 30. Rd1 Qxd1+ 0-1

[Event "XXVI Open Eporediese"]
[Site "Ivrea ITA"]
[Date "2009.02.05"]
[Round "4"]
[White "Romano, Antonino"]
[Black "Listello, Massimiliano"]
[Result "1-0"]
[WhiteElo "1713"]
[BlackElo "1482"]
[PlyCount "69"]
[EventDate "2009.01.15"]

1. Nf3 d5 2. d4 e6 3. c4 Nf6 4. Nc3 c6 5. Bg5 Be7 6. e3 O-O 7. Bd3 Nbd7 8. Qc2
g6 9. Bh6 Re8 10. c5 b6 11. cxb6 axb6 12. a3 b5 13. O-O Bd6 14. h3 e5 15. dxe5
Nxe5 16. Nxe5 Bxe5 17. Ne2 Qd6 18. f4 Bxf4 19. Bxf4 Qd7 20. Nd4 Bb7 21. b4 Nh5
22. Qf2 Rac8 23. Rac1 Qe7 24. Rfe1 c5 25. bxc5 Rxc5 26. Bxb5 Rec8 27. Rxc5 Qxc5
28. a4 Nf6 29. Qh4 Ne4 30. Be5 Rf8 31. Bf6 h5 32. Be7 Qb6 33. Bxf8 Kxf8 34. Rf1
Qc7 35. Ne6+ 1-0

[Event "XXVI Open Eporediese"]
[Site "Ivrea ITA"]
[Date "2009.02.05"]
[Round "4"]
[White "Saccona, Silvano"]
[Black "Castaldo, Folco"]
[Result "1/2-1/2"]
[WhiteElo "2198"]
[BlackElo "2419"]
[PlyCount "55"]
[EventDate "2009.01.15"]

1. d4 f5 2. g3 Nf6 3. Bg2 e6 4. c4 Be7 5. Nc3 O-O 6. Nh3 d6 7. O-O c6 8. Qc2
Na6 9. Bd2 e5 10. d5 cxd5 11. Nxd5 Nxd5 12. Bxd5+ Kh8 13. Qc1 Nc7 14. Bg2 Ne6
15. f4 e4 16. Bc3 d5 17. cxd5 Qxd5 18. Kh1 Bd7 19. Ng5 Nxg5 20. fxg5 Bb5 21.
Re1 Rad8 22. Qf4 Qe6 23. Qe3 b6 24. a4 Bc6 25. b4 Qg6 26. h4 Bd6 27. Rf1 Bc7
28. Bb2 1/2-1/2

[Event "XXVI Open Eporediese"]
[Site "Ivrea ITA"]
[Date "2009.02.05"]
[Round "4"]
[White "Trotto, Pierangelo"]
[Black "Perrone, Davide"]
[Result "1-0"]
[WhiteElo "1883"]
[BlackElo "1617"]
[PlyCount "99"]
[EventDate "2009.01.15"]

1. d4 d5 2. c4 c6 3. cxd5 cxd5 4. Nc3 e6 5. Bf4 a6 6. Nf3 Nd7 7. e3 Ngf6 8. Bd3
b5 9. O-O Bb7 10. Rc1 Rc8 11. a3 Be7 12. Qb3 O-O 13. Na2 Qb6 14. Bb1 Rc4 15.
Bd3 Rcc8 16. Ne5 Nxe5 17. Bxe5 Nd7 18. Bg3 Kh8 19. Kh1 f6 20. f4 Bd6 21. Rfd1
f5 22. Be1 h6 23. Bb4 g5 24. g3 gxf4 25. gxf4 Rg8 26. Rg1 Rxc1 27. Nxc1 Qc6 28.
Rxg8+ Kxg8 29. Ne2 Nb6 30. Bxd6 Qxd6 31. Qd1 Qe7 32. Qc1 Nc4 33. Ng3 Kf7 34.
Kg1 Qf8 35. Be2 Ke8 36. Qc3 Kd7 37. Bf3 Qe7 38. Kg2 Qf8 39. Nf1 Qg7+ 40. Kh1
Qe7 41. Nd2 Kd8 42. Nb3 Bc8 43. Nc5 Qh4 44. Kg2 Qe7 45. b3 Nd6 46. Nxa6 Bxa6
47. Qa5+ Qc7 48. Qxa6 Qc2+ 49. Kh3 Nc8 50. Qxb5 1-0

[Event "XXVI Open Eporediese"]
[Site "Ivrea ITA"]
[Date "2009.02.12"]
[Round "5"]
[White "Bruno, Fabrizio P."]
[Black "Saccona, Silvano"]
[Result "0-1"]
[WhiteElo "1948"]
[BlackElo "2198"]
[PlyCount "64"]
[EventDate "2009.01.15"]

1. e4 d5 2. exd5 Qxd5 3. Nc3 Qa5 4. b4 Qxb4 5. Rb1 Qd6 6. Nf3 Nf6 7. d4 c6 8.
Bd3 e6 9. O-O Be7 10. Rb3 Qc7 11. Ne5 O-O 12. Bf4 Bd6 13. Ne4 Nxe4 14. Bxe4 f5
15. Bf3 Nd7 16. Re1 Nxe5 17. Bxe5 Rd8 18. Qc1 Bxe5 19. dxe5 a5 20. a4 Rd4 21.
Qa1 Rd8 22. Qc1 Rb8 23. Qe3 b6 24. h3 c5 25. Reb1 Bd7 26. Qf4 Be8 27. g4 Rd4
28. Qe3 Bxa4 29. Rc3 Rbd8 30. gxf5 exf5 31. e6 R4d6 32. Qe5 Rd1+ 0-1

[Event "XXVI Open Eporediese"]
[Site "Ivrea ITA"]
[Date "2009.02.12"]
[Round "5"]
[White "Castaldo, Antonio"]
[Black "Giachino, Adriano"]
[Result "0-1"]
[WhiteElo "1753"]
[BlackElo "1706"]
[PlyCount "78"]
[EventDate "2009.01.15"]

1. Nf3 d5 2. g3 c5 3. Bg2 Nf6 4. O-O Nc6 5. d3 Bg4 6. Nbd2 e5 7. e4 b5 8. h3
Bh5 9. Re1 d4 10. a4 Rb8 11. axb5 Rxb5 12. Nc4 Be7 13. Bg5 h6 14. g4 Nxg4 15.
Bxe7 Qxe7 16. hxg4 Bxg4 17. Qd2 Bxf3 18. Bxf3 h5 19. Na5 Nd8 20. Nb3 Qe6 21.
Qg5 Rh6 22. Bxh5 a6 23. Qg4 Qe7 24. Qxg7 Rbb6 25. Qg8+ Kd7 26. Qg4+ Kc7 27. f4
Rbg6 28. Bxg6 Rxg6 29. Qxg6 fxg6 30. Rxa6 Qh4 31. Re2 Nc6 32. Nxc5 exf4 33. Rf2
g5 34. Ne6+ Kb7 35. Ra4 Qg4+ 36. Kf1 Qxe6 37. b4 Qh3+ 38. Kg1 f3 39. Rh2 Qg3+
0-1

[Event "XXVI Open Eporediese"]
[Site "Ivrea ITA"]
[Date "2009.02.12"]
[Round "5"]
[White "Castaldo, Folco"]
[Black "Chiarotto, Filippo"]
[Result "1-0"]
[WhiteElo "2419"]
[BlackElo "2039"]
[PlyCount "61"]
[EventDate "2009.01.15"]

1. e4 c5 2. Nf3 a6 3. c3 e6 4. d4 d5 5. e5 Bd7 6. Bd3 Bb5 7. Bxb5+ axb5 8. dxc5
Bxc5 9. b4 Bb6 10. Na3 Ne7 11. Nxb5 O-O 12. O-O Nf5 13. Qd3 Nc6 14. a4 f6 15.
exf6 Qxf6 16. Bg5 Qg6 17. a5 Bd8 18. Bxd8 Raxd8 19. Qe2 e5 20. Nxe5 Nxe5 21.
Qxe5 Rfe8 22. Qc7 h5 23. Rae1 Nh4 24. Qg3 Qf6 25. Nd4 Re4 26. f3 Rxe1 27. Rxe1
Nf5 28. Qe5 Nxd4 29. Qxf6 gxf6 30. cxd4 Kf7 31. Rc1 1-0

[Event "XXVI Open Eporediese"]
[Site "Ivrea ITA"]
[Date "2009.02.12"]
[Round "5"]
[White "Gennaro, Isabella"]
[Black "Bellafiore, Enzo"]
[Result "0-1"]
[WhiteElo "1419"]
[BlackElo "1867"]
[PlyCount "70"]
[EventDate "2009.01.15"]

1. e4 Nf6 2. Nc3 d5 3. e5 d4 4. exf6 dxc3 5. fxg7 cxd2+ 6. Bxd2 Bxg7 7. Bc3
Bxc3+ 8. bxc3 O-O 9. Bd3 Qd6 10. Nf3 Nd7 11. O-O Nf6 12. Re1 Bg4 13. Be4 Qxd1
14. Raxd1 c6 15. Rd3 Nxe4 16. Rxe4 Bf5 17. Rxe7 Bxd3 18. cxd3 b6 19. Ne5 c5 20.
f4 a6 21. Rb7 b5 22. Rc7 Rac8 23. Rd7 Rfd8 24. Rxf7 Rxd3 25. Nxd3 Kxf7 26. g4
c4 27. Ne5+ Ke6 28. a3 Rf8 29. h3 Rxf4 30. Nc6 Re4 31. Nd8+ Kd7 32. Nf7 Re3 33.
Ng5 Rxc3 34. Nxh7 Rxh3 35. Nf6+ Ke6 0-1

[Event "XXVI Open Eporediese"]
[Site "Ivrea ITA"]
[Date "2009.02.12"]
[Round "5"]
[White "Guglielmi, Nicolo'"]
[Black "Giunto, Andrea"]
[Result "1-0"]
[WhiteElo "1950"]
[BlackElo "1731"]
[PlyCount "63"]
[EventDate "2009.01.15"]

1. Nf3 c5 2. c4 d6 3. Nc3 Nf6 4. d4 cxd4 5. Nxd4 g6 6. e4 Bg7 7. Be2 O-O 8. O-O
Nc6 9. Be3 Bd7 10. Rc1 Rc8 11. Kh1 Ne5 12. b3 Bc6 13. f3 a6 14. Qd2 Re8 15.
Rfd1 Qa5 16. Rc2 h5 17. h3 Ned7 18. Bh6 Kh7 19. Bxg7 Kxg7 20. Qe3 Rh8 21. f4
Rh6 22. Nd5 Bxd5 23. exd5 Re8 24. Bd3 Nc5 25. f5 Nxd3 26. Qxd3 Nd7 27. Nf3 Qc5
28. Re2 Qc7 29. Rde1 Kf8 30. Qe3 Rh7 31. fxg6 fxg6 32. Ng5 1-0

[Event "XXVI Open Eporediese"]
[Site "Ivrea ITA"]
[Date "2009.02.12"]
[Round "5"]
[White "Melling, Jonathon"]
[Black "Caresana, Alessandro"]
[Result "1-0"]
[WhiteElo "1877"]
[BlackElo "2010"]
[PlyCount "111"]
[EventDate "2009.01.15"]

1. d4 Nf6 2. c4 e5 3. Bg5 h6 4. Bxf6 Qxf6 5. e3 Bb4+ 6. Nc3 d6 7. a3 Bxc3+ 8.
bxc3 O-O 9. Nf3 e4 10. Nd2 Qg6 11. Rb1 f5 12. g3 b6 13. Qb3 Be6 14. Bg2 Nd7 15.
Qa4 Nf6 16. Qc6 Rac8 17. Qb7 d5 18. cxd5 Bxd5 19. Qa6 f4 20. c4 fxe3 21. fxe3
Be6 22. O-O h5 23. Rf4 Qh6 24. Nxe4 Nxe4 25. Bxe4 Rxf4 26. exf4 Qf6 27. Rd1 Bg4
28. Rd2 Re8 29. Qxa7 Qe7 30. Bd5+ Kh7 31. Rf2 Bh3 32. Bg2 Bxg2 33. Kxg2 Qe4+
34. Kh3 Qxd4 35. Qa4 Re6 36. Qc2+ Kh6 37. Re2 Rg6 38. Re5 Qd7+ 39. Kg2 h4 40.
Qe2 h3+ 41. Kf1 Rg4 42. Re6+ Rg6 43. f5 Rf6 44. Qe3+ Kh7 45. Rxf6 Qd1+ 46. Kf2
Qc2+ 47. Qe2 Qc3 48. Qh5+ Kg8 49. Re6 Qd4+ 50. Kf1 Qxc4+ 51. Qe2 Qc1+ 52. Qe1
Qxa3 53. f6 Qf3+ 54. Qf2 Qd1+ 55. Re1 Qd3+ 56. Kg1 1-0

[Event "XXVI Open Eporediese"]
[Site "Ivrea ITA"]
[Date "2009.02.12"]
[Round "5"]
[White "Papalini, Claudio"]
[Black "Bosticardo, Tommaso"]
[Result "1-0"]
[WhiteElo "1604"]
[BlackElo "1464"]
[PlyCount "59"]
[EventDate "2009.01.15"]

1. d4 Nf6 2. Nf3 g6 3. Nbd2 Bg7 4. e4 d6 5. Bd3 O-O 6. O-O Nbd7 7. c3 e5 8. Re1
a6 9. a4 Qe7 10. d5 c6 11. c4 Nc5 12. Bc2 Qc7 13. b4 Ncd7 14. Nb3 cxd5 15. cxd5
Qb6 16. Bd2 Ng4 17. Qe2 Qc7 18. Bd3 Ndf6 19. Rec1 Qd8 20. Rc2 Qe7 21. Rac1 Rd8
22. Na5 Ne8 23. Be3 Kh8 24. Nc4 Nef6 25. Nb6 Rb8 26. Nxc8 Rbxc8 27. Rxc8 Rxc8
28. Rxc8+ Bf8 29. Qc2 Qd7 30. Bb6 1-0

[Event "XXVI Open Eporediese"]
[Site "Ivrea ITA"]
[Date "2009.02.12"]
[Round "5"]
[White "Perrone, Davide"]
[Black "Agostino, Pietro"]
[Result "0-1"]
[WhiteElo "1617"]
[BlackElo "1413"]
[PlyCount "90"]
[EventDate "2009.01.15"]

1. e4 e5 2. Nc3 Nf6 3. Nf3 Nc6 4. Bb5 d6 5. Bxc6+ bxc6 6. h3 Be7 7. d3 h6 8.
Be3 Be6 9. Qd2 c5 10. O-O Qd7 11. Rfb1 Nh5 12. Ne2 Nf6 13. c3 Nh7 14. Ng3 Nf6
15. b4 cxb4 16. Rxb4 d5 17. Nxe5 Qc8 18. Rb2 Bd6 19. Nc6 O-O 20. Nxa7 Qd7 21.
Nb5 Bxg3 22. fxg3 dxe4 23. Nd4 exd3 24. Qxd3 c5 25. Rf2 cxd4 26. Bxd4 Rac8 27.
Qd2 Ne4 28. Qe3 Nxf2 29. Kxf2 Rfe8 30. Qe5 f6 31. Qf4 Rf8 32. a4 Qb7 33. Kg1
Bd5 34. Qf2 Rce8 35. a5 Bc4 36. Qf3 Bd5 37. Qf2 Qa6 38. Qf5 Bc6 39. Qc2 Re2 40.
Qb3+ Kh8 41. Bf2 Rfe8 42. Qb6 Qc4 43. a6 Qxc3 44. Rf1 Qc2 45. a7 Qe4 0-1

[Event "XXVI Open Eporediese"]
[Site "Ivrea ITA"]
[Date "2009.02.12"]
[Round "5"]
[White "Ranieri, Fabrizio"]
[Black "Trotto, Pierangelo"]
[Result "1-0"]
[WhiteElo "2243"]
[BlackElo "1883"]
[PlyCount "53"]
[EventDate "2009.01.15"]

1. e4 c5 2. Nf3 d6 3. d4 cxd4 4. Nxd4 Nf6 5. Nc3 a6 6. Bg5 e6 7. f4 Qc7 8. Bxf6
gxf6 9. Qf3 Nc6 10. O-O-O Bd7 11. Be2 Rc8 12. f5 Nxd4 13. Rxd4 Be7 14. Qg3 b5
15. Qg7 Rf8 16. Rhd1 Qc5 17. fxe6 Bxe6 18. R4d2 b4 19. Nd5 a5 20. Ba6 Rb8 21.
Nxf6+ Bxf6 22. Qxf6 b3 23. axb3 Bxb3 24. e5 d5 25. e6 Rb6 26. exf7+ Rxf7 27.
Re2+ 1-0

[Event "XXVI Open Eporediese"]
[Site "Ivrea ITA"]
[Date "2009.02.12"]
[Round "5"]
[White "Razzano, Lorenzo"]
[Black "Picco, Pietro"]
[Result "1-0"]
[WhiteElo "1969"]
[BlackElo "1293"]
[PlyCount "71"]
[EventDate "2009.01.15"]

1. e4 c5 2. Nf3 d6 3. d4 cxd4 4. Nxd4 Nf6 5. Nc3 Nc6 6. g3 g6 7. Bg2 Nxd4 8.
Qxd4 e5 9. Qd3 Bg7 10. O-O O-O 11. Rd1 Bg4 12. f3 Be6 13. Qxd6 Qb6+ 14. Qxb6
axb6 15. Be3 Nd7 16. Rd6 Ra6 17. Bf1 b5 18. Nxb5 Rxd6 19. Nxd6 Rb8 20. a4 Bf8
21. Rd1 b6 22. b4 Bxd6 23. Rxd6 Ra8 24. Bb5 Ra7 25. a5 Nf6 26. Rd8+ Kg7 27.
Bxb6 Rd7 28. Bxd7 Nxd7 29. Bc7 Nf8 30. Bd6 Nd7 31. a6 Nb6 32. Bxe5+ f6 33. Rd6
Nc4 34. Rxe6 Nxe5 35. Rxe5 fxe5 36. a7 1-0

[Event "XXVI Open Eporediese"]
[Site "Ivrea ITA"]
[Date "2009.02.12"]
[Round "5"]
[White "Rocchi, Enrico"]
[Black "Saviano, Sabato"]
[Result "0-1"]
[WhiteElo "1733"]
[BlackElo "1696"]
[PlyCount "68"]
[EventDate "2009.01.15"]

1. e4 c6 2. c4 e5 3. Nf3 d6 4. Nc3 Bg4 5. Be2 Nf6 6. d4 Bxf3 7. Bxf3 Nbd7 8.
Be3 Be7 9. O-O O-O 10. Rc1 h6 11. Be2 Nh7 12. Bd3 Bg5 13. f4 exf4 14. Bxf4 Bxf4
15. Rxf4 Ng5 16. d5 Ne5 17. Qe2 Qb6+ 18. Rf2 h5 19. Bb1 Ng4 20. Rcf1 Nxf2 21.
Rxf2 g6 22. Kh1 Rae8 23. Rf6 Qc7 24. g4 Nh7 25. Rf2 Re5 26. gxh5 Rxh5 27. Rg2
Rg5 28. Rf2 Qe7 29. Rf4 Qe5 30. Qf2 Rh5 31. Bd3 Ng5 32. Bf1 Kg7 33. Nd1 Rfh8
34. h4 Qxf4 0-1

[Event "XXVI Open Eporediese"]
[Site "Ivrea ITA"]
[Date "2009.02.12"]
[Round "5"]
[White "Romano, Antonino"]
[Black "Bogatto, Mario"]
[Result "1/2-1/2"]
[WhiteElo "1713"]
[BlackElo "1470"]
[PlyCount "55"]
[EventDate "2009.01.15"]

1. d4 d5 2. c4 e6 3. Nc3 Nf6 4. Nf3 c6 5. Bg5 Nbd7 6. e3 Be7 7. Bd3 dxc4 8.
Bxc4 h6 9. Bh4 b5 10. Bd3 Bb7 11. Bg3 a6 12. h3 Rc8 13. e4 c5 14. e5 Nd5 15.
Nxd5 Bxd5 16. dxc5 Qa5+ 17. Qd2 Qxd2+ 18. Kxd2 O-O 19. b4 Bxf3 20. gxf3 Nb8 21.
Rad1 Rfd8 22. Ke2 Nc6 23. a3 Nd4+ 24. Ke3 Rd7 25. Bh7+ Kxh7 26. Rxd4 Rxd4 27.
Kxd4 Rd8+ 28. Ke3 1/2-1/2

[Event "XXVI Open Eporediese"]
[Site "Ivrea ITA"]
[Date "2009.02.12"]
[Round "5"]
[White "Vigliocco, Davide"]
[Black "Paonessa, Denis"]
[Result "0-1"]
[WhiteElo "1470"]
[BlackElo "1933"]
[PlyCount "100"]
[EventDate "2009.01.15"]

1. e4 g6 2. d4 Bg7 3. Be3 d6 4. Bc4 c6 5. Nf3 d5 6. exd5 cxd5 7. Bb3 Nh6 8. Nc3
e6 9. Qd2 Nf5 10. Bf4 a6 11. O-O-O Nc6 12. Be3 O-O 13. g4 Nxe3 14. fxe3 Na5 15.
Kb1 Nxb3 16. axb3 a5 17. h4 h6 18. e4 dxe4 19. Nxe4 a4 20. h5 axb3 21. cxb3 Qd5
22. Qd3 e5 23. g5 Bf5 24. Rhe1 Rfc8 25. Rc1 Rxc1+ 26. Kxc1 Ra1+ 27. Kd2 Rxe1
28. Nxe1 Qxe4 29. gxh6 Bxh6+ 30. Kc2 Qxd3+ 31. Nxd3 Bxd3+ 32. Kxd3 exd4 33.
hxg6 fxg6 34. Kxd4 Kf7 35. Kc5 Be3+ 36. Kd5 Kf6 37. Ke4 Bg1 38. Kf4 g5+ 39. Kg4
Be3 40. b4 b6 41. b5 Bc5 42. b3 Kg6 43. Kh3 Kf5 44. Kg3 g4 45. Kg2 Kf4 46. Kh2
Kf3 47. b4 Bxb4 48. Kg1 g3 49. Kh1 g2+ 50. Kg1 Bc5+ 0-1

[Event "XXVI Open Eporediese"]
[Site "Ivrea ITA"]
[Date "2009.02.19"]
[Round "6"]
[White "Agostino, Pietro"]
[Black "Rocchi, Enrico"]
[Result "0-1"]
[WhiteElo "1413"]
[BlackElo "1733"]
[PlyCount "92"]
[EventDate "2009.01.15"]

1. e4 e5 2. Nf3 Nc6 3. Bc4 Nf6 4. d3 Be7 5. Nc3 d6 6. h3 a6 7. a3 Bd7 8. Be3 h6
9. O-O O-O 10. Qd2 Be6 11. Ba2 Bxa2 12. Rxa2 d5 13. exd5 Nxd5 14. Nxd5 Qxd5 15.
c4 Qe6 16. Re1 Rad8 17. Qc2 Qg6 18. Rd1 Rd7 19. Qe2 Rfd8 20. b4 Rxd3 21. Rxd3
Qxd3 22. Qxd3 Rxd3 23. b5 axb5 24. cxb5 Nd4 25. Nxe5 Rd1+ 26. Kh2 Bd6 27. f4
Nxb5 28. Nc4 Rd3 29. Nxd6 Nxd6 30. Bf2 Ne4 31. a4 Nxf2 32. Rxf2 Ra3 33. Re2
Rxa4 34. Re7 Rxf4 35. Rxc7 b5 36. Rb7 Rb4 37. Rb8+ Kh7 38. g3 Rb2+ 39. Kh1 b4
40. g4 Kg6 41. h4 f6 42. Rb5 b3 43. Kg1 Rb1+ 44. Kf2 b2 45. Ke2 Rg1 46. Rxb2
Rg2+ 0-1

[Event "XXVI Open Eporediese"]
[Site "Ivrea ITA"]
[Date "2009.02.19"]
[Round "6"]
[White "Bogatto, Mario"]
[Black "Castaldo, Antonio"]
[Result "0-1"]
[WhiteElo "1470"]
[BlackElo "1753"]
[PlyCount "124"]
[EventDate "2009.01.15"]

1. c4 Nf6 2. d4 g6 3. Nc3 Bg7 4. Bf4 O-O 5. Nf3 d6 6. e4 Nbd7 7. Be2 Re8 8. e5
dxe5 9. Nxe5 Nh5 10. Bxh5 Nxe5 11. dxe5 Qxd1+ 12. Rxd1 gxh5 13. O-O c6 14. Rfe1
Be6 15. b3 Red8 16. f3 Bf5 17. Rc1 e6 18. Ne4 Bxe4 19. Rxe4 Rd7 20. Bg5 h6 21.
Bf6 Rd2 22. a3 Bf8 23. c5 Rd3 24. b4 Rxa3 25. Rh4 a5 26. Rhc4 axb4 27. Rxb4 Bg7
28. Bxg7 Kxg7 29. Rxb7 Ra1 30. Rcb1 Rxb1+ 31. Rxb1 Ra5 32. Rc1 Kg6 33. f4 Kf5
34. Rc4 Kg4 35. h3+ Kf5 36. Kf2 h4 37. Kf3 Ra3+ 38. Kf2 Rd3 39. Ke2 Rd5 40. Ke3
f6 41. exf6 Kxf6 42. Ke4 Rd2 43. Kf3 Kf5 44. Rc3 Rd4 45. Ra3 Rxf4+ 46. Ke3 Rc4
47. Ra5 Ke5 48. Kd3 Kd5 49. Ra8 e5 50. Rh8 Rxc5 51. Rxh6 e4+ 52. Ke2 Rc2+ 53.
Ke3 Rxg2 54. Rxh4 Rg3+ 55. Kf2 Kd4 56. Ke2 c5 57. Rh8 Re3+ 58. Kf1 c4 59. Rd8+
Kc3 60. Rd1 Rxh3 61. Ke2 Kb2 62. Rf1 c3 0-1